| 000 | 01210nam a22002657a 4500 | ||
|---|---|---|---|
| 005 | 20170124103115.0 | ||
| 010 | _aA-994853 | ||
| 020 |
_c400.00 _a8170542284 |
||
| 035 | _aA-994853 | ||
| 037 | _bCen Lib/Ret | ||
| 040 |
_aDPL _bHN |
||
| 082 |
_a420 _bपुष्पाकु |
||
| 100 |
_aपुष्पा कुमारी _980530 |
||
| 245 |
_aप्रशासनिक हिंदी / _cपुष्पा कुमारी |
||
| 246 |
_aPrashasnik hindi / _bby Pushpa Kumari |
||
| 260 |
_aनयी दिल्ली _bक्लास्सिकल पब्लिशिंग कंपनी _c2000 |
||
| 270 |
_bनयी दिल्ली _a28, शोपिंग सेंटर, करमपुरा _e110015 |
||
| 300 |
_aix,270पृ. _c20सेमी(सजिल्द ) |
||
| 500 | _aग्रन्थ सूची शामिल | ||
| 650 |
_aहिन्दी--भाषा _x _z _980531 |
||
| 650 |
_aहिन्दी--भाषा--प्रशासनिक हिंदी _980532 |
||
| 650 |
_aHindi--language _99446 |
||
| 650 |
_aHindi-- language--Administrative Hindi _980533 |
||
| 942 |
_2ddc _cHN _h420 _mपुष्पाकु |
||
| 999 |
_c118499 _d118499 |
||